Štátne bábkové divadlo Bratislava - programový plagát

Bibliographic Details
Format: Photo
Language:Slovak
PhysicalDescription:1 plagát farebný, textové informácie 97 x 65 cm
Published: Bratislava Štátne bábkové divadlo 1984 apríl
Subjects:

MARC

LEADER 00000nkm a2200000 a 4500
001 vtls011608931
003 SK-MaSNL
005 20260425233332.0
007 kf bo
008 240409s1997 xo g kuslo
035 |a urn:nbn:sk:snk-km00cq92 
035 |a urn:nbn:sk:snk-km3lrcs 
035 |a BEAA05AA-302B-4858-9E5A-20A671B8E460 
040 |a SNK  |b slo  |c SNK  |e AACR2 
041 0 |a slo 
043 |a e-xo--- 
044 |a xo  |c SK 
072 7 |a 394  |x Verejný a spoločenský život. Každodenný život  |2 konspekt 
072 7 |a 929  |x Biografie  |2 konspekt 
080 |a 394.46  |2 2011 
080 |a (084.5)  |2 2011 
080 |a 929  |2 2011 
245 0 0 |a Štátne bábkové divadlo Bratislava - programový plagát 
260 |a Bratislava  |b Štátne bábkové divadlo  |c 1984 apríl 
300 |a 1 plagát  |b farebný, textové informácie  |c 97 x 65 cm 
648 7 |a 1896-1996  |2 SNKPH  |9 286313 
650 0 7 |a divadlo  |2 SNKPH  |9 3335 
651 7 |a Slovensko  |2 SNKPH  |9 14231 
655 7 |a plagáty  |2 SNKPH  |9 70571 
852 |a Slovenská národná knižnica v Martine 
958 |a CP 
999 |c 763039  |d 764969 
952 |a SNKLM  |b SNKLM  |y NEVYP  |7 1  |p 17A1201648  |o snklm L 979  |8 7  |0 0  |1 0  |4 0  |d 2017-02-06  |f 1  |l 0  |r 2026-02-24 00:10:17  |w 2026-02-24